|
|
|
|
| LEADER |
00650cam a2200181 7i4500 |
| 001 |
0000009819 |
| 005 |
20200615090000.0 |
| 020 |
|
|
|a 0205277748
|
| 090 |
0 |
0 |
|a RC467
|b .H43 2005
|
| 100 |
1 |
|
|a Hecker, Jeffrey E
|
| 245 |
1 |
0 |
|a Introduction to clinical psychology :
|b science, practice, and ethics
|c Jeffrey E. Hecker, Geoffrey L. Thorpe.
|
| 260 |
|
|
|a Boston:
|b Pearson/Allyn and Bacon,
|c 2004.
|
| 300 |
|
|
|a xiv, 610 p.:
|b ill.;
|c 24 cm.
|
| 504 |
|
|
|a Includes bibliographical references and index
|
| 650 |
0 |
0 |
|a Clinical psychology
|
| 700 |
1 |
|
|a Thorpe, Geoffrey L
|
| 997 |
|
|
|a Health Sciences, Faculty
|
| 999 |
|
|
|a 0000016688
|b BOK
|c OPEN SHELF
|e 1st Floor, Shah Alam
|